000 00355nam a2200133Ia 4500
008 240624s9999 xx 000 0 und d
041 _aeng
082 _a658.0024621 CAT
100 _aCATHER H
245 _aBUSINESS SKILLS FOR ENGINEERS AND TECHNO
260 _c2001
_aOxford
_bButterworth Heinemann
300 _avi, : 366 : p. : cm. ; 26
365 _c
_b35
999 _c5822
_d5822